Statistics for Fast Typing (HARD)

Click here to take the quiz!

General Stats

  • This quiz has been taken 65 times
  • The average score is 41 of 50

Answer Stats

HintAnswer% Correct
11
100%
22
100%
33
100%
44
100%
55
100%
66
97%
77
97%
88
94%
1212
92%
1010
89%
1111
89%
1313
89%
99
89%
1414
86%
1515
86%
1717
86%
2222
86%
2727
86%
1616
83%
1818
83%
1919
83%
2020
83%
2121
83%
2323
83%
2424
83%
2525
83%
2626
83%
2828
83%
2929
83%
3030
83%
3232
83%
3333
83%
3131
81%
3434
81%
3535
81%
3737
81%
3838
81%
3636
78%
3939
78%
4444
75%
4343
72%
4040
69%
4141
69%
4242
69%
4545
69%
4646
69%
4747
67%
4848
67%
4949
64%
5050
58%

Score Distribution

Percentile by Number Answered

Percent of People with Each Score

Your Score History

You have not taken this quiz